Central American Refugees, 1989

El objetivo del artículo es formular y recomendar políticas sobre refugiados en Centroamérica. Entre los temas analizados están: Los repatriados, la reintegración de los regugiados a sus países de origen, la salud mental de estos. HB/hmbq

Salvato in:
Dettagli Bibliografici
Ente Autore: Center for Inmigration Policy and Refugee Assintance
Natura: testo
Pubblicazione: s. l.: CIPRA
Soggetti:
Tags: Aggiungi Tag
Nessun Tag, puoi essere il primo ad aggiungerne!!

MARC

LEADER 00000 a a2200000 04500
001 4314
003
040
090 |a 117000  
110 |a Center for Inmigration Policy and Refugee Assintance  
245 |a Central American Refugees, 1989  
260 |a s. l.:   |b CIPRA  
300 |a 91 p  
520 |a El objetivo del artículo es formular y recomendar políticas sobre refugiados en Centroamérica. Entre los temas analizados están: Los repatriados, la reintegración de los regugiados a sus países de origen, la salud mental de estos. HB/hmbq  
650 |a REFUGIADOS  
650 |a SALUD MENTAL  
650 |a ASPECTOS POLITICOS  
999 |c 5298  |d 5298